Les verbes "irréguliers" en français (2) - Statistiques

Statistiques générales
  • Ce quiz a été pris 25 fois
  • Le résultat moyen est 29 sur 115
Statistiques - réponses
Hint Réponse % Correct
Interdire Présent de l'impératif 2e pers singulier Interdis
65%
Interdire Présent de l'indicatif J'{interdis}
65%
Falloir Imparfait de l'indicatif Il {fallait}
57%
Inclure Participe passé Inclus
57%
Jeter Présent de l'indicatif Tu {jettes}
57%
Falloir Passé simple de l'indicatif Il {fallut}
52%
Mettre Présent de l'indicatif Je {mets}
52%
Jeter Participe passé Jeté
52%
Jeter Présent de l'indicatif Nous {jetons}
52%
Jeter Futur de l'indicatif Nous {jetterons}
52%
Falloir Présent du subjonctif Qu'il {faille}
52%
Falloir Imparfait du subjonctif Qu'il {fallût}
52%
Faillir Présent de l'indicatif Il {faut}
48%
Joindre Présent de l'indicatif Nous {joignons}
48%
Joindre Imparfait de l'indicatif Vous {joigniez}
48%
Moudre Présent de l'indicatif Il {moud}
43%
Mourir Présent de l'indicatif Ils {meurent}
39%
Lire Passé simple de l'indicatif Je {lus}
39%
Lancer Futur de l'indicatif Nous {lancerons}
39%
Inclure Présent du conditionnel Tu {inclurais}
39%
Médire Présent de l'indicatif Elles {médisent}
35%
Pleuvoir Imparfait de l'indicatif Il {pleuvait}
35%
Plaire Passé simple de l'indicatif Il {plut}
35%
Suivre Présent de l'indicatif Je {suis}
35%
Manger Imparfait de l'indicatif On {mangeait}
35%
Peindre Présent de l'indicatif Il {peint}
30%
Pleuvoir Futur de l'indicatif Il {pleuvra}
30%
Payer Présent de l'indicatif Ils {paient}
30%
Prendre Présent de l'indicatif Ils {prennent}
30%
Payer Présent de l'indicatif Je {paye}
30%
Manger Passé simple de l'indicatif Nous {mangeâmes}
30%
Payer Présent de l'impératif 2e pers singulier Paie
30%
Lancer Passé simple de l'indicatif Vous {lançâtes}
30%
Lire Passé simple de l'indicatif Vous {lûtes}
30%
Mourir Passé simple de l'indicatif Elle {mourut}
26%
Naître Imparfait de l'indicatif Ils {naissaient}
26%
Pouvoir Futur de l'indicatif Ils {pourront}
26%
Prendre Imparfait de l'indicatif Je {prenais}
26%
Prévoir Futur de l'indicatif Je {prévoirai}
26%
Médire Participe passé Médit
26%
Peindre Imparfait de l'indicatif Nous {peignions}
26%
Plaire Passé simple de l'indicatif Nous {plûmes}
26%
Résoudre Imparfait de l'indicatif Nous {résolvions}
26%
Voir Futur de l'indicatif Nous {verrons}
26%
Venir Futur de l'indicatif Nous {viendrons}
26%
Payer Futur de l'indicatif On {paiera}
26%
Inclure Présent du subjonctif Que nous {incluions}
26%
Rire Participe passé Ri
26%
Naître Présent de l'indicatif Vous {naissez}
26%
Valoir Présent de l'indicatif Elles {valent}
22%
Valoir Présent de l'indicatif Il {vaut}
22%
Inclure Futur antérieur de l'indicatif J'{aurai inclus}
22%
Paître Présent de l'indicatif Je {pais}
22%
Peindre Passé simple de l'indicatif Je {peignis}
22%
Pourvoir Passé simple de l'indicatif Je {pourvus}
22%
Rire Présent de l'indicatif Je {ris}
22%
Rompre Présent de l'indicatif Je {romps}
22%
Vaincre Présent de l'indicatif Je {vaincs}
22%
Mourir Participe passé Mort
22%
Moudre Présent de l'impératif 2e pers singulier Mouds
22%
Savoir Passé simple de l'indicatif On {sut}
22%
Paître Présent de l'indicatif 1ère pers pluriel Paissez
22%
Résoudre Participe passé Résolu
22%
Rompre Présent de l'impératif 2e pers singulier Romps
22%
Suffire Participe passé Suffi
22%
Vouloir Passé simple de l'indicatif Tu {voulus}
22%
Mettre Passé simple de l'indicatif Vous {mîtes}
22%
Paître Présent de l'indicatif Vous {paissez}
22%
Résoudre Futur de l'indicatif Vous {résoudrez}
22%
Savoir Passé simple de l'indicatif Vous {sûtes}
22%
Vivre Passé simple de l'indicatif Vous {vécûtes}
22%
Tenir Passé simple de l'indicatif Je {tins}
17%
Naître Passé simple de l'indicatif Elles {naquirent}
17%
Faillir Participe présent Faillant
17%
Suffire Imparfait de l'indicatif Ils {suffisaient}
17%
Faillir Présent de l'indicatif Je {faux}
17%
Vêtir Présent de l'indicatif Je {vêts}
17%
Moudre Participe présent Moulant
17%
Faillir Présent de l'indicatif Nous {faillons}
17%
Joindre Passé simple de l'indicatif Nous {joignîmes}
17%
Moudre Imparfait de l'indicatif Nous {moulions}
17%
Naître Passé simple de l'indicatif Nous {naquîmes}
17%
Pouvoir Passé simple de l'indicatif Nous {pûmes}
17%
Suffire Imparfait de l'indicatif Nous {suffisions}
17%
Paître Participe présent Paissant
17%
Rire Présent du subjonctif Que je {rie}
17%
Voir Présent du subjonctif Que je {voie}
17%
Savoir Présent du subjonctif Que tu {saches}
17%
Rompre Présent du subjonctif Qu'il {rompe}
17%
Valoir Présent de l'indicatif Tu {vaux}
17%
Rire Imparfait de l'indicatif Vous {riiez}
17%
Vaincre Présent de l'indicatif Vous {vainquez}
17%
Vaincre Passé simple de l'indicatif Vous {vainquîtes}
17%
Mouvoir Présent de l'indicatif Elles {meuvent}
13%
Prévoir Passé simple de l'indicatif Il {prévit}
13%
Rompre Présent du conditionnel Je {romprais}
13%
Mouvoir Participe passé
13%
Manger Imparfait du subjonctif Que nous {mangeassions}
13%
Inclure Imparfait du subjonctif Que tu {inclusses}
13%
Lancer Imparfait du subjonctif Que tu {lançasses}
13%
Résoudre Présent de l'impératif 2e pers singulier Résous
13%
Tenir Participe présent Tenant
13%
Mouvoir Présent de l'indicatif Tu {meus}
13%
Moudre Présent du conditionnel Tu {moudrais}
13%
Vêtir Présent de l'indicatif Vous {vêtez}
13%
Valoir Passé simple de l'indicatif Ils {valurent}
9%
Mettre Imparfait du subjonctif Que nous {missions}
9%
Prendre Imparfait du subjonctif Qu'ils {prissent}
9%
Mouvoir Passé simple de l'indicatif Nous {mûmes}
4%
Suivre Imparfait du subjonctif Que vous {suivissiez}
4%
Suffire Passé du subjonctif Qu'il {ait suffi}
4%
Résoudre Imparfait du subjonctif Qu'ils {résolussent}
4%
Paître Participe passé féminin pue
0%
Tenir Imparfait du subjonctif Que nous {tinssions}
0%
Vouloir Imparfait du subjonctif Que tu {vinsses}
0%
Aucun quiz correspondant
Distribution des résultats
% des personnes avec chaque résultat
Percentile par nombre de réponses
Votre historique - résultats
Vous n’avez pas pris ce quiz